000 01377nam a2200325 i 4500
003 EG-GICUC
005 20260121101646.0
008 260104s1986 ku ||||f |||| 00| 0 ara d
040 _a EG-GICUC
_bara
_c EG-GICUC
_d EG-GICUC
_erda
041 _aara
082 0 4 _221
_a345.6930538
_bع ث . ر
092 0 4 _221
099 _aLaw1 07 345.6930538 ع ث . ر 1 ed - 1986
100 0 _aعثمان عبد الملك الصالح
_eمؤلف.
245 1 2 _aالرقابة القضائية أمام المحكمة الدستورية في الكويت :
_bدراسة تحليلية نقدية مقارنة /
_cالدكتور عثمان عبد الملك الصالح .
250 _aالطبعة الأولى
264 1 _aالكويت :
_bكلية الحقوق - جامعة الكويت ،
_c1986 .
300 _a120 ؛ صفحة
_c24 سم
336 _2rda content
_atext
337 _2rda media
_aComputer
338 _2rda carrier
_aOnline Resource
504 _a. 120-117 ببليوجرافيا: صفحات.
504 _aيشتمل على إرجاعات ببليوجرافية
650 1 _aالرقابة القضائية علي اعمال الادارة
_zالكويت
_2qrmak
650 1 _aالقانون الإداري
_zالكويت
651 1 _2qrmak
856 4 0 _uhttps://fll.law.cu.edu.eg/fulltext/bks/B07-02438.pdf
905 _a61
942 _2ddc
_cBK
_e21
_n0
999 _c54463
_d54463